[Event "PSNA CET 45th National Junior (U-19) Ch"]
[Site "PSNA College of Engineering &"]
[Date "2015.07.23"]
[Round "1.1"]
[White "Trivedi, Karan R"]
[Black "Karthikeyan, Murali"]
[Result "0-1"]
[WhiteElo "1858"]
[BlackElo "2509"]
[PlyCount "80"]
[EventDate "2015.07.23"]
[EventRounds "11"]
[EventCountry "IND"]
[SourceDate "2003.06.08"]

1. e4 c5 2. Nf3 e6 3. c3 Nf6 4. e5 Nd5 5. Bc4 d6 6. O-O dxe5 7. Nxe5 Bd6 8. d4
O-O 9. Bd3 cxd4 10. cxd4 Nd7 11. Nc3 Nxc3 12. bxc3 Qc7 13. Nxd7 Bxd7 14. Qh5 g6
15. Qh4 Qxc3 16. Bh6 Rfe8 17. Qf6 Bf8 18. Bxf8 Rxf8 19. Be4 Bc6 20. Rac1 Qa5
21. Bxc6 bxc6 22. Rc2 Rad8 23. Rfc1 Qa4 24. Rc4 Qxa2 25. Rxc6 Qd2 26. Rc7 Rxd4
27. g3 Rd7 28. Rc8 Rdd8 29. R8c7 a5 30. Ra1 Rd5 31. Rf1 a4 32. Qa1 Qa5 33. Rfc1
a3 34. R7c3 a2 35. R3c2 Rd2 36. Kg2 Qd5+ 37. Kg1 Rxc2 38. Rxc2 Ra8 39. Rc1 e5
40. Rd1 Qxd1+ 0-1

[Event "PSNA CET 45th National Junior (U-19) Ch"]
[Site "PSNA College of Engineering &"]
[Date "2015.07.23"]
[Round "1.2"]
[White "Aravindh, Chithambaram Vr"]
[Black "Vaisnav, M."]
[Result "1-0"]
[WhiteElo "2507"]
[BlackElo "1854"]
[PlyCount "71"]
[EventDate "2015.07.23"]
[EventRounds "11"]
[EventCountry "IND"]
[SourceDate "2003.06.08"]

1. Nf3 f5 2. h3 Nf6 3. g4 d5 4. g5 Ne4 5. d3 Nd6 6. Nc3 c6 7. Bf4 Nd7 8. Bxd6
exd6 9. d4 Be7 10. h4 Nf8 11. e3 Be6 12. Ne2 h6 13. Rg1 hxg5 14. hxg5 Ng6 15.
Qd2 Qd7 16. O-O-O O-O-O 17. Ne1 Rde8 18. Kb1 Bd8 19. f4 Bb6 20. Ng3 Kb8 21. Bd3
Ne7 22. c3 c5 23. Nf3 a6 24. Rh1 Nc6 25. g6 Rxh1 26. Rxh1 Ne7 27. Ng5 Bg8 28.
Qc2 Be6 29. Rh7 cxd4 30. cxd4 Nxg6 31. Nxe6 Qxe6 32. Nxf5 Qf6 33. a3 Rg8 34.
Qb3 Bc7 35. Qxd5 Rc8 36. Be4 1-0

[Event "PSNA CET 45th National Junior (U-19) Ch"]
[Site "PSNA College of Engineering &"]
[Date "2015.07.23"]
[Round "1.3"]
[White "Lawaniya, Eshan"]
[Black "Harsha, Bharathakoti"]
[Result "0-1"]
[WhiteElo "1841"]
[BlackElo "2368"]
[PlyCount "80"]
[EventDate "2015.07.23"]
[EventRounds "11"]
[EventCountry "IND"]
[SourceDate "2003.06.08"]

1. e4 c5 2. Nf3 e6 3. d4 cxd4 4. Nxd4 a6 5. Bd3 Nf6 6. O-O Qc7 7. c4 d6 8. Nc3
g6 9. Be3 Bg7 10. Rc1 O-O 11. Qe2 Nbd7 12. b4 b6 13. h3 Bb7 14. f4 Rfe8 15. Nb3
Rac8 16. Qf2 Qb8 17. g4 Qa8 18. Nd2 b5 19. g5 Nh5 20. Ne2 bxc4 21. Nxc4 Bf8 22.
e5 Be4 23. Bxe4 Qxe4 24. Bd4 d5 25. Nd6 Bxd6 26. exd6 Qd3 27. Qe3 Qb5 28. Bc5
Ng7 29. Nd4 Qb7 30. Nf3 Nf5 31. Qd3 Nxc5 32. bxc5 Qa7 33. d7 Qxd7 34. Qxa6 Ra8
35. Ne5 Qe7 36. Qd3 Rxa2 37. Ng4 Rc8 38. Qb3 Qa7 39. Qb6 Qa3 40. Nf6+ Kg7 0-1

[Event "PSNA CET 45th National Junior (U-19) Ch"]
[Site "PSNA College of Engineering &"]
[Date "2015.07.23"]
[Round "1.4"]
[White "Akash, G."]
[Black "Girinath, B S."]
[Result "1-0"]
[WhiteElo "2354"]
[BlackElo "1829"]
[PlyCount "99"]
[EventDate "2015.07.23"]
[EventRounds "11"]
[EventCountry "IND"]
[SourceDate "2003.06.08"]

1. Nf3 Nf6 2. g3 g6 3. Bg2 Bg7 4. O-O O-O 5. c4 c5 6. Nc3 Nc6 7. d4 cxd4 8.
Nxd4 a6 9. h3 d6 10. Be3 Nxd4 11. Bxd4 e5 12. Be3 Be6 13. b3 Qa5 14. Na4 Qc7
15. Nb6 Rab8 16. Rc1 Rfd8 17. Qd2 Qe7 18. Rfd1 Ne8 19. a4 Bf8 20. a5 Nc7 21.
Kh2 Na8 22. Na4 Bd7 23. Nc3 Be6 24. Nd5 Bxd5 25. Bxd5 Qd7 26. Rc3 Nc7 27. Rd3
Re8 28. Bg2 Qc8 29. Ba7 Ra8 30. Bb6 Ne6 31. Bd5 Be7 32. h4 Kh8 33. Qe3 f5 34.
Bxe6 Qxe6 35. Bc7 f4 36. Qe4 fxg3+ 37. fxg3 Rf8 38. Bxd6 Rf2+ 39. Kg1 Raf8 40.
Qxe5+ Qxe5 41. Bxe5+ Kg8 42. Rd7 R2f7 43. Kg2 Rf2+ 44. Kh3 Bf6 45. Bxf6 R2xf6
46. Rxb7 Re8 47. Rdd7 h5 48. Rb6 Rf2 49. Rxg6+ Kf8 50. Rh6 1-0

[Event "PSNA CET 45th National Junior (U-19) Ch"]
[Site "PSNA College of Engineering &"]
[Date "2015.07.23"]
[Round "1.5"]
[White "Chaintanya, Sairam Mogili"]
[Black "Sai, Vishwesh.C"]
[Result "0-1"]
[WhiteElo "1822"]
[BlackElo "2318"]
[PlyCount "68"]
[EventDate "2015.07.23"]
[EventRounds "11"]
[EventCountry "IND"]
[SourceDate "2003.06.08"]

1. e4 c5 2. Nc3 Nc6 3. f4 g6 4. g3 Bg7 5. Bg2 d6 6. h3 e6 7. Nf3 Nge7 8. O-O
O-O 9. d3 Rb8 10. a4 a6 11. Ne2 b5 12. Nh4 d5 13. e5 f6 14. exf6 Bxf6 15. Nf3
bxa4 16. c3 Qb6 17. Qxa4 a5 {Ba6} 18. Rd1 d4 19. Qa2 Nd5 20. Ng5 Bxg5 21. Bxd5
exd5 22. Qxd5+ Kh8 23. Qxg5 Rf5 24. Qg4 Bb7 25. Kh2 Rbf8 26. Ng1 Ne5 27. Qe2
Re8 28. Qf2 Qc6 29. g4 h5 30. Kg3 g5 31. Ne2 h4+ 32. Kh2 Nf3+ 33. Kg2 Ng1+ 34.
Kf1 Rxe2 0-1

[Event "PSNA CET 45th National Junior (U-19) Ch"]
[Site "PSNA College of Engineering &"]
[Date "2015.07.23"]
[Round "1.6"]
[White "Sammed Jaykumar, Shete"]
[Black "Awadh, Chaitanya"]
[Result "1-0"]
[WhiteElo "2267"]
[BlackElo "1812"]
[PlyCount "81"]
[EventDate "2015.07.23"]
[EventRounds "11"]
[EventCountry "IND"]
[SourceDate "2003.06.08"]

1. e4 e6 2. Nf3 d5 3. Nc3 Nf6 4. e5 Nfd7 5. d4 c5 6. dxc5 Nc6 7. Bf4 Bxc5 8.
Bd3 f6 9. exf6 Nxf6 10. Qe2 O-O 11. O-O-O Bd7 12. Ne5 Nd4 13. Qd2 b5 14. Ne2
Nc6 15. Nxc6 Bxc6 16. Be3 Bxe3 17. Qxe3 Qd7 18. Nd4 Rae8 19. f4 g6 20. h3 Nh5
21. Rhf1 a6 22. g4 Ng7 23. h4 Bb7 24. h5 gxh5 25. gxh5 Qf7 26. h6 Nf5 27. Rg1+
Kh8 28. Bxf5 exf5 29. Qc3 Qf6 30. Rg5 Rc8 31. Qd2 Qxh6 32. Nxf5 Qe6 33. Re1 Qf6
34. Rh1 Rc7 35. Rh6 Qxg5 36. fxg5 Rxf5 37. Qd4+ Kg8 38. g6 hxg6 39. Rh8+ Kf7
40. Rh7+ Ke6 41. Rxc7 1-0

[Event "PSNA CET 45th National Junior (U-19) Ch"]
[Site "PSNA College of Engineering &"]
[Date "2015.07.23"]
[Round "1.7"]
[White "Dave, Sneh"]
[Black "Chakravarthi Reddy, M."]
[Result "0-1"]
[WhiteElo "1806"]
[BlackElo "2260"]
[PlyCount "62"]
[EventDate "2015.07.23"]
[EventRounds "11"]
[EventCountry "IND"]
[SourceDate "2003.06.08"]

1. d4 c5 2. Nf3 cxd4 3. Nxd4 d5 4. Nc3 Nf6 5. Bf4 Nc6 6. e3 e6 7. Be2 Bb4 8.
O-O O-O 9. Ndb5 e5 10. Bg5 a6 11. Bxf6 gxf6 12. Na3 Bxc3 13. bxc3 Qa5 14. Nb1
Be6 15. f4 Qb6 16. f5 Qxe3+ 17. Kh1 Bd7 18. Rf3 Qc5 19. Qd2 Kh8 20. Qh6 Qd6 21.
g4 Rg8 22. Rh3 Rg7 23. g5 Bxf5 24. gxf6 Be4+ 25. Bf3 Bxf3+ 26. Rxf3 Rg6 27. Qh4
d4 28. c4 Nb4 29. Nd2 Qc6 30. Ne4 Rag8 31. Rh3 Rh6 0-1

[Event "PSNA CET 45th National Junior (U-19) Ch"]
[Site "PSNA College of Engineering &"]
[Date "2015.07.23"]
[Round "1.8"]
[White "Karthik, V.   Ap"]
[Black "Saksham, Rautela"]
[Result "1-0"]
[WhiteElo "2256"]
[BlackElo "1805"]
[PlyCount "41"]
[EventDate "2015.07.23"]
[EventRounds "11"]
[EventCountry "IND"]
[SourceDate "2003.06.08"]

1. d4 Nf6 2. c4 e6 3. Nf3 Bb4+ 4. Nc3 b6 5. Bg5 Bb7 6. Nd2 O-O 7. e4 h6 8. h4
Be7 9. Be3 d5 10. e5 Nfd7 11. Qg4 Kh8 12. Qh5 f5 13. Bxh6 gxh6 14. Qxh6+ Kg8
15. Qxe6+ Kh8 16. Qh6+ Kg8 17. Rh3 f4 18. Qg6+ Kh8 19. Bd3 Rf5 20. Bxf5 Qg8 21.
Qh6+ 1-0

[Event "PSNA CET 45th National Junior (U-19) Ch"]
[Site "PSNA College of Engineering &"]
[Date "2015.07.23"]
[Round "1.9"]
[White "Subhayan, Kundu"]
[Black "Kumaran, B."]
[Result "0-1"]
[WhiteElo "1801"]
[BlackElo "2254"]
[PlyCount "78"]
[EventDate "2015.07.23"]
[EventRounds "11"]
[EventCountry "IND"]
[SourceDate "2003.06.08"]

1. e4 c5 2. Nf3 Nc6 3. d4 cxd4 4. Nxd4 e5 5. Nb5 Nf6 6. N1c3 d6 7. Bg5 a6 8.
Na3 b5 9. Nd5 Be7 10. Bxf6 Bxf6 11. c3 Ne7 12. Nxe7 Bxe7 13. Nc2 Bb7 14. Bd3
O-O 15. Ne3 Bg5 16. Qe2 Bxe3 17. Qxe3 f5 18. Rd1 Qh4 19. g3 Qe7 20. Bc2 Kh8 21.
Rg1 f4 22. Qd3 Rad8 23. Bb3 Bc8 24. Rd2 Rf6 25. Bd5 Rdf8 26. gxf4 Rxf4 27. Rg3
Bg4 28. Bc6 Qa7 29. Qe3 Qf7 30. Bd5 Qf6 31. Bb7 Bf3 32. Qd3 Qf7 33. Qd5 Rxe4+
34. Qxe4 Bxe4 35. Bxe4 Qxa2 36. Rh3 h6 37. Rhd3 Qb1+ 38. Ke2 Rf4 39. Ke3 Qe1+
0-1

[Event "PSNA CET 45th National Junior (U-19) Ch"]
[Site "PSNA College of Engineering &"]
[Date "2015.07.24"]
[Round "2.1"]
[White "Karthikeyan, Murali"]
[Black "Baivab, Mishra"]
[Result "1-0"]
[WhiteElo "2509"]
[BlackElo "2079"]
[PlyCount "93"]
[EventDate "2015.07.23"]
[EventRounds "11"]
[EventCountry "IND"]
[SourceDate "2003.06.08"]

1. e4 c5 2. Nf3 g6 3. d4 cxd4 4. Nxd4 Nf6 5. Nc3 Nc6 6. Nxc6 dxc6 7. Qxd8+ Kxd8
8. Bf4 Be6 9. a4 Bg7 10. f3 Nd7 11. O-O-O Bxc3 12. bxc3 Ke8 13. Kb2 Nb6 14. Ka3
Rd8 15. Rb1 Rd7 16. Be3 Nc8 17. a5 f6 18. Be2 Kf7 19. Rhd1 Rhd8 20. Rd4 b6 21.
Rxd7 Bxd7 22. axb6 axb6 23. Bxb6 Nxb6 24. Rxb6 Be6 25. Bd3 c5 26. c4 Ra8+ 27.
Kb2 Ra4 28. Rb5 Bxc4 29. Bxc4+ Rxc4 30. c3 Ra4 31. Rxc5 g5 32. Rd5 g4 33. Rd4
Ra5 34. fxg4 Rg5 35. h3 h5 36. Rd5 e5 37. c4 hxg4 38. h4 Rg8 39. c5 Rc8 40. Kc3
g3 41. Kc4 Ke7 42. Rd3 Rh8 43. c6 f5 44. exf5 Rxh4+ 45. Kd5 Rh1 46. Rxg3 Kf6
47. Rc3 1-0

[Event "PSNA CET 45th National Junior (U-19) Ch"]
[Site "PSNA College of Engineering &"]
[Date "2015.07.24"]
[Round "2.2"]
[White "Adhithya, S."]
[Black "Aravindh, Chithambaram Vr"]
[Result "0-1"]
[WhiteElo "2074"]
[BlackElo "2507"]
[PlyCount "66"]
[EventDate "2015.07.23"]
[EventRounds "11"]
[EventCountry "IND"]
[SourceDate "2003.06.08"]

1. Nf3 Nf6 2. g3 g6 3. Bg2 Bg7 4. c4 O-O 5. Nc3 d5 6. cxd5 Nxd5 7. O-O Nb6 8.
d4 Nc6 9. d5 Na5 10. e4 c6 11. Be3 Nac4 12. Bd4 Nxb2 13. Qe2 N2c4 14. Rfd1 Qc7
15. Rac1 Bg4 16. Bxg7 Kxg7 17. h3 Bxf3 18. Qxf3 Rad8 19. Ne2 Qe5 20. Nf4 Qf6
21. Qb3 Ne5 22. a4 Rb8 23. a5 Nbd7 24. Qe3 c5 25. Ne2 c4 26. Rd2 b5 27. axb6
Qxb6 28. Qc3 Kg8 29. Nf4 Qc5 30. Kh2 Rb3 31. Qc2 Rfb8 32. Qa2 c3 33. Rdc2 Ra3
0-1

[Event "PSNA CET 45th National Junior (U-19) Ch"]
[Site "PSNA College of Engineering &"]
[Date "2015.07.24"]
[Round "2.3"]
[White "Harsha, Bharathakoti"]
[Black "Godbole, Atharva"]
[Result "1/2-1/2"]
[WhiteElo "2368"]
[BlackElo "2069"]
[PlyCount "88"]
[EventDate "2015.07.23"]
[EventRounds "11"]
[EventCountry "IND"]
[SourceDate "2003.06.08"]

1. d4 Nf6 2. c4 e6 3. g3 d5 4. Nf3 Bb4+ 5. Bd2 Be7 6. Bg2 c6 7. Qc2 O-O 8. O-O
b6 9. Bf4 Ba6 10. cxd5 cxd5 11. Rc1 Bd6 12. Nc3 Nc6 13. Qa4 Bxf4 14. gxf4 Bb7
15. Ne5 Rc8 16. e3 a6 17. Bf1 Na5 18. Qb4 Ne4 19. Nxe4 Rxc1 20. Rxc1 dxe4 21.
Qc3 f6 22. Nc4 Nxc4 23. Qxc4 Qd6 24. Qa4 e5 25. Bxa6 Bxa6 26. Qxa6 exf4 27.
Qc4+ Rf7 28. Qc8+ Rf8 29. Qc4+ Rf7 30. Qc8+ Rf8 31. Qc7 Qxc7 32. Rxc7 f3 33. a3
f5 34. Rc6 f4 35. exf4 Rxf4 36. h3 Rf6 37. d5 Kf7 38. Rc4 Rg6+ 39. Kf1 Rh6 40.
Rxe4 Rxh3 41. Ke1 Rh5 42. Rf4+ Ke7 43. Rxf3 Rxd5 44. Rb3 Rd6 1/2-1/2

[Event "PSNA CET 45th National Junior (U-19) Ch"]
[Site "PSNA College of Engineering &"]
[Date "2015.07.24"]
[Round "2.4"]
[White "Yogit, S."]
[Black "Akash, G."]
[Result "0-1"]
[WhiteElo "2064"]
[BlackElo "2354"]
[PlyCount "110"]
[EventDate "2015.07.23"]
[EventRounds "11"]
[EventCountry "IND"]
[SourceDate "2003.06.08"]

1. e4 g6 2. d4 Bg7 3. Nc3 c6 4. Nf3 d6 5. Be3 Nf6 6. Qd2 b5 7. Bd3 O-O 8. Bh6
Bg4 9. Bxg7 Kxg7 10. Ng5 e5 11. dxe5 dxe5 12. h3 Bc8 13. a4 b4 14. Ne2 Qe7 15.
O-O Nbd7 16. a5 b3 17. Qc3 bxc2 18. Nf3 Rb8 19. Bxc2 Ba6 20. Rfe1 Qb4 21. Ra2
Rfe8 22. Nc1 Nc5 23. Nd2 Red8 24. Ncb3 Nd3 25. Re3 Qxc3 26. bxc3 Nc1 27. Nxc1
Rxd2 28. Bb3 Rxa2 29. Bxa2 Rb2 30. Bb3 Rb1 31. Re1 Ra1 32. f3 Rxa5 33. Na2 Ra3
34. Rb1 Bd3 35. Rb2 a5 36. Kf2 a4 37. Bd1 Bc4 38. Nb4 Ra1 39. Be2 Bxe2 40. Rxe2
c5 41. Nd3 Nd7 42. Rb2 c4 43. Ne1 Nc5 44. Rb8 a3 45. Ra8 Nb3 46. Ke2 a2 47. Nc2
Rb1 48. Ra4 Rb2 49. Kd1 Rxc2 50. Kxc2 a1=Q 51. Rxa1 Nxa1+ 52. Kb2 Nb3 53. Ka3
Kf6 54. Kb4 Nd2 55. Kc5 Ke6 0-1

[Event "PSNA CET 45th National Junior (U-19) Ch"]
[Site "PSNA College of Engineering &"]
[Date "2015.07.24"]
[Round "2.5"]
[White "Sai, Vishwesh.C"]
[Black "Nayak, Rajesh"]
[Result "1-0"]
[WhiteElo "2318"]
[BlackElo "2062"]
[PlyCount "69"]
[EventDate "2015.07.23"]
[EventRounds "11"]
[EventCountry "IND"]
[SourceDate "2003.06.08"]

1. e4 c5 2. d4 cxd4 3. c3 dxc3 4. Nxc3 Nc6 5. Nf3 d6 6. Bc4 e6 7. O-O Nf6 8.
Qe2 a6 9. Rd1 Qc7 10. Bf4 Be7 11. Rac1 O-O 12. a3 e5 13. Be3 Qd8 14. b4 Bd7 15.
Bb3 Rc8 16. Na4 Nb8 17. Rxc8 Qxc8 18. Nb6 Qc3 19. Qa2 h6 20. Nxd7 Nbxd7 21. Bc4
Rc8 22. Rc1 Rxc4 23. Qxc4 Qxa3 24. Qc8+ Kh7 25. Qxb7 Bd8 26. Qc8 Bb6 27. Bxb6
Nxb6 28. Qc3 Qa4 29. Nd2 Qb5 30. Nc4 Na4 31. Qd3 Nb6 32. Qb3 Qc6 33. Qc2 Kg8
34. Nxb6 Qxb6 35. Qc8+ 1-0

[Event "PSNA CET 45th National Junior (U-19) Ch"]
[Site "PSNA College of Engineering &"]
[Date "2015.07.24"]
[Round "2.6"]
[White "Satkar, Chirag"]
[Black "Sammed Jaykumar, Shete"]
[Result "0-1"]
[WhiteElo "2055"]
[BlackElo "2267"]
[PlyCount "52"]
[EventDate "2015.07.23"]
[EventRounds "11"]
[EventCountry "IND"]
[SourceDate "2003.06.08"]

1. d4 Nf6 2. c4 g6 3. Nc3 d5 4. Bg5 Ne4 5. Bh4 Nxc3 6. bxc3 c6 7. e3 Bg7 8. Nf3
O-O 9. Be2 Nd7 10. O-O dxc4 11. Bxc4 b5 12. Be2 Nb6 13. Nd2 Be6 14. Qc2 Rc8 15.
Rab1 c5 16. Nb3 cxd4 17. Nxd4 Bxd4 18. exd4 Na4 19. Rxb5 Nxc3 20. Rc5 Qxd4 21.
Rxc8 Rxc8 22. Bg3 Nxa2 23. Qb1 Nc3 24. Qb2 Qb6 25. Qd2 Nxe2+ 26. Qxe2 Bc4 0-1

[Event "PSNA CET 45th National Junior (U-19) Ch"]
[Site "PSNA College of Engineering &"]
[Date "2015.07.24"]
[Round "2.7"]
[White "Chakravarthi Reddy, M."]
[Black "Saurabh, Anand"]
[Result "0-1"]
[WhiteElo "2260"]
[BlackElo "2038"]
[PlyCount "58"]
[EventDate "2015.07.23"]
[EventRounds "11"]
[EventCountry "IND"]
[SourceDate "2003.06.08"]

1. d4 Nf6 2. c4 e6 3. Nf3 d5 4. Nc3 Be7 5. g3 dxc4 6. Bg2 O-O 7. O-O a6 8. Ne5
Nc6 9. Nxc6 bxc6 10. Qa4 Rb8 11. Qxc6 Qxd4 12. Qxc7 Bd6 13. Qc6 Bb7 14. Qa4
Bxg2 15. Rd1 Qb6 16. Kxg2 Rfc8 17. Rb1 Be5 18. Be3 Qb7+ 19. Kg1 Bxc3 20. bxc3
Qe4 21. Rxb8 Rxb8 22. Qxa6 h6 23. Qd6 Rb2 24. Qd4 Rxa2 25. Re1 e5 26. Qd8+ Kh7
27. Qe7 Nd5 28. Qxf7 Nxc3 29. Qh5 Nxe2+ 0-1

[Event "PSNA CET 45th National Junior (U-19) Ch"]
[Site "PSNA College of Engineering &"]
[Date "2015.07.24"]
[Round "2.8"]
[White "Arjun, Kalyan"]
[Black "Karthik, V.   Ap"]
[Result "1/2-1/2"]
[WhiteElo "2037"]
[BlackElo "2256"]
[PlyCount "190"]
[EventDate "2015.07.23"]
[EventRounds "11"]
[EventCountry "IND"]
[SourceDate "2003.06.08"]

1. e4 b6 2. d4 Bb7 3. Bd3 e6 4. Nf3 Nf6 5. Qe2 d5 6. e5 Nfd7 7. O-O Be7 8. c3
c5 9. a3 Nc6 10. b4 c4 11. Bc2 g5 12. Ne1 Nf8 13. Qh5 Ng6 14. Nf3 Nf4 15. Bxf4
gxf4 16. Qg4 Qd7 17. Qxf4 O-O-O 18. Nbd2 Rdf8 19. Qe3 f5 20. exf6 Bxf6 21. b5
Nd8 22. a4 Rhg8 23. Ne5 Qg7 24. g3 h5 25. f4 Qh6 26. Rf2 h4 27. Nf1 Rg7 28. Rg2
Rfg8 29. Kf2 Rf8 30. Kg1 Be7 31. Re1 Bd6 32. Ree2 Qf6 33. Rgf2 Rfg8 34. f5 Kc7
35. fxe6 Qxe6 36. Bf5 Qe7 37. g4 a6 38. bxa6 Bxa6 39. h3 Qe8 40. Qf3 Bb7 41.
Nxc4 dxc4 42. Rxe8 Bxf3 43. Rxg8 Rxg8 44. Rxf3 Nf7 45. Be6 Ng5 46. Bxg8 Nxf3+
47. Kg2 Ne1+ 48. Kf2 Nd3+ 49. Ke3 Nb2 50. Kd2 Bf4+ 51. Kc2 Nd3 52. Bxc4 Nf2 53.
Nd2 Nxh3 54. Nf3 Bg3 55. g5 Nf4 56. Ne5 h3 57. g6 Nh5 58. Bd5 Bxe5 59. dxe5 h2
60. c4 Nf4 61. g7 Nxd5 62. g8=Q Nb4+ 63. Kb3 h1=Q 64. Qf7+ Kb8 65. Qe8+ Kb7 66.
Qd7+ Ka6 67. Qb5+ Kb7 68. Kxb4 Qe1+ 69. Kb3 Qe3+ 70. Ka2 Qe2+ 71. Ka3 Qe3+ 72.
Ka2 Qe2+ 73. Ka3 Qe3+ 74. Qb3 Qxe5 75. Qf3+ Kb8 76. Qd3 Kc7 77. Kb3 Qe1 78.
Qh7+ Kb8 79. Qf5 Kc7 80. Qf7+ Kb8 81. Qf4+ Kb7 82. Qf3+ Kb8 83. Qd3 Kc7 84.
Qh7+ Kb8 85. Qh8+ Kb7 86. Qg7+ Ka6 87. Qc3 Qb1+ 88. Ka3 Kb7 89. Qb3 Qa1+ 90.
Kb4 Qe1+ 91. Qc3 Qb1+ 92. Ka3 Ka6 93. Qb2 Qd3+ 94. Qb3 Qd2 95. Qb5+ Ka7 1/2-1/2

[Event "PSNA CET 45th National Junior (U-19) Ch"]
[Site "PSNA College of Engineering &"]
[Date "2015.07.24"]
[Round "2.9"]
[White "Kumaran, B."]
[Black "Dhanush, Bharadwaj"]
[Result "1-0"]
[WhiteElo "2254"]
[BlackElo "2010"]
[PlyCount "211"]
[EventDate "2015.07.23"]
[EventRounds "11"]
[EventCountry "IND"]
[SourceDate "2003.06.08"]

1. b3 e5 2. Bb2 d6 3. e3 g6 4. d4 Bg7 5. dxe5 Nd7 6. Nf3 Nxe5 7. Nxe5 Bxe5 8.
Bxe5 dxe5 9. Qxd8+ Kxd8 10. Na3 c6 11. Nc4 f6 12. h4 Be6 13. h5 g5 14. Nd2 Ke7
15. e4 Nh6 16. Bc4 Rad8 17. Bxe6 Kxe6 18. Ke2 Rd7 19. b4 Rhd8 20. Nb3 Ke7 21.
Kf3 Nf7 22. Nc5 Rd2 23. Rac1 b6 24. Nb3 R2d7 25. Rhe1 Nd6 26. c4 Nb7 27. b5 c5
28. Re3 Rd1 29. Rxd1 Rxd1 30. Ke2 Rb1 31. Nd2 Rb2 32. Ra3 Na5 33. Ra4 Rb4 34.
Rxb4 cxb4 35. Kd3 Kd6 36. Nf1 b3 37. axb3 Nxb3 38. f3 Nc5+ 39. Kc3 Ne6 40. Ne3
Nf4 41. h6 Ke6 42. Kb4 Nd3+ 43. Kc3 Nf4 44. Kd2 Ng6 45. g3 Nh8 46. Nf5 Nf7 47.
Kc3 Nd6 48. Nxd6 Kxd6 49. Kb4 Kd7 50. c5 bxc5+ 51. Kxc5 Kc7 52. Kd5 Kb6 53. Ke6
Kxb5 54. Kxf6 a5 55. Kg7 a4 56. Kxh7 a3 57. Kg6 a2 58. h7 a1=Q 59. h8=Q Kc4 60.
Kxg5 Kd3 61. Kg4 Ke3 62. Qh6+ Ke2 63. Qh2+ Ke3 64. Qc2 Qh1 65. Qc3+ Ke2 66. f4
exf4 67. gxf4 Qg2+ 68. Kf5 Qg8 69. e5 Qf7+ 70. Ke4 Qb7+ 71. Kd4 Qd7+ 72. Kc5
Qc7+ 73. Kb4 Qb6+ 74. Ka3 Qa6+ 75. Kb2 Qb6+ 76. Ka1 Qg1+ 77. Ka2 Qa7+ 78. Kb3
Qb7+ 79. Qb4 Qf3+ 80. Kb2 Qd5 81. Qd6 Qb7+ 82. Ka2 Qa8+ 83. Qa3 Qd5+ 84. Qb3
Qa5+ 85. Kb2 Qd8 86. f5 Qe7 87. Qd5 Qb4+ 88. Kc2 Qa4+ 89. Kc3 Qa3+ 90. Qb3 Qa5+
91. Kd4 Qd8+ 92. Qd5 Qb6+ 93. Qc5 Qd8+ 94. Qd6 Qh4+ 95. Kd5 Qh1+ 96. Ke6 Qh8
97. f6 Qe8+ 98. Qe7 Qc6+ 99. Kf7 Qd5+ 100. e6 Qh5+ 101. Kg7 Qg5+ 102. Kf8 Qh5
103. Qg7 Qc5+ 104. e7 Kf3 105. f7 Kf4 106. Kg8 1-0

[Event "PSNA CET 45th National Junior (U-19) Ch"]
[Site "PSNA College of Engineering &"]
[Date "2015.07.24"]
[Round "3.1"]
[White "Rakesh, Kumar Nayak"]
[Black "Karthikeyan, Murali"]
[Result "0-1"]
[WhiteElo "2181"]
[BlackElo "2509"]
[PlyCount "120"]
[EventDate "2015.07.23"]
[EventRounds "11"]
[EventCountry "IND"]
[SourceDate "2003.06.08"]

1. c4 e5 2. Nc3 Nc6 3. g3 f5 4. Bg2 Nf6 5. d3 Bb4 6. Bd2 O-O 7. Nf3 e4 8. dxe4
Nxe4 9. O-O Bxc3 10. Bxc3 Qe7 11. Rc1 d6 12. b3 f4 13. Ba1 Kh8 14. Nd4 Bd7 15.
Nb5 fxg3 16. hxg3 Bf5 17. Nd4 Nxd4 18. Qxd4 Rf7 19. Rcd1 b6 20. Rd3 Re8 21. Re3
Qf6 22. Qxf6 Nxf6 23. Bxf6 Rxe3 24. Bxg7+ Kxg7 25. fxe3 Bc2 26. Bf3 Re7 27. Kf2
Re5 28. Rc1 Bg6 29. Bd5 Kf6 30. b4 Rf5+ 31. Kg2 Ke5 32. a3 Rf8 33. Bf3 Bf7 34.
c5 dxc5 35. bxc5 b5 36. c6 Rb8 37. Rh1 Bg8 38. Rd1 Be6 39. Rh1 a5 40. Rxh7 Kd6
41. Rh6 b4 42. axb4 axb4 43. Bg4 Re8 44. Bf5 b3 45. g4 b2 46. Bb1 Kc5 47. g5
Bd5+ 48. Kf2 Be4 49. Bxe4 Rxe4 50. Rh1 Kb4 51. Kf3 Rc4 52. Rb1 Kb3 53. e4 Rxc6
54. Kf4 Ra6 55. Ke5 c5 56. Kd5 Ra5 57. g6 c4+ 58. Kd4 c3 59. Rg1 c2 60. g7 Ra8
0-1

[Event "PSNA CET 45th National Junior (U-19) Ch"]
[Site "PSNA College of Engineering &"]
[Date "2015.07.24"]
[Round "3.2"]
[White "Aravindh, Chithambaram Vr"]
[Black "Varun, V."]
[Result "1/2-1/2"]
[WhiteElo "2507"]
[BlackElo "2171"]
[PlyCount "97"]
[EventDate "2015.07.23"]
[EventRounds "11"]
[EventCountry "IND"]
[SourceDate "2003.06.08"]

1. e4 c5 2. Nf3 g6 3. c3 Bg7 4. d4 cxd4 5. cxd4 d5 6. e5 Bg4 7. Nbd2 Nc6 8. Bb5
Rc8 9. h3 Bxf3 10. Bxc6+ Rxc6 11. Nxf3 e6 12. O-O Ne7 13. Bg5 h6 14. Bf6 O-O
15. Qd2 Qc7 16. Rac1 Rc8 17. Rxc6 Nxc6 18. Rc1 Bf8 19. g4 Qb6 20. Kg2 Bg7 21.
h4 Bxf6 22. exf6 Kh7 23. a3 Qd8 24. Qf4 Nb8 25. Rxc8 Qxc8 26. Qd6 Nc6 27. b4 a6
28. Kg3 Qb8 29. Qxb8 Nxb8 30. Ne5 Kg8 31. f4 Nc6 32. Nf3 Kf8 33. f5 exf5 34.
gxf5 Ke8 35. Kf4 Kd7 36. Ne5+ Nxe5 37. Kxe5 g5 38. hxg5 hxg5 39. Kxd5 b5 40.
Ke5 Kc7 41. Kd5 Kd7 42. Ke5 Kc7 43. Ke4 Kd6 44. Kf3 Kd5 45. Kg4 Kxd4 46. Kh5
Ke4 47. Kxg5 Ke5 48. Kg4 Ke4 49. Kg5 1/2-1/2

[Event "PSNA CET 45th National Junior (U-19) Ch"]
[Site "PSNA College of Engineering &"]
[Date "2015.07.24"]
[Round "3.3"]
[White "Akash, G."]
[Black "Rakesh, Kumar Jena"]
[Result "1-0"]
[WhiteElo "2354"]
[BlackElo "2126"]
[PlyCount "59"]
[EventDate "2015.07.23"]
[EventRounds "11"]
[EventCountry "IND"]
[SourceDate "2003.06.08"]

1. e4 c5 2. Nf3 d6 3. d4 cxd4 4. Nxd4 Nf6 5. Nc3 g6 6. g3 Bg7 7. Bg2 O-O 8. O-O
Bd7 9. h3 Nc6 10. Nde2 Qa5 11. Nf4 Rac8 12. Be3 Rfe8 13. Ncd5 Nxd5 14. exd5 Ne5
15. Bd4 Qa4 16. c3 Qxd1 17. Rfxd1 Nc4 18. b3 Bxd4 19. Rxd4 Na3 20. Rc1 Rc7 21.
Ne2 Rec8 22. g4 Kf8 23. Rd3 Bb5 24. c4 Ba6 25. Nd4 b5 26. Rf3 Kg7 27. Nc6 bxc4
28. b4 c3 29. Rcxc3 Nc4 30. Bf1 1-0

[Event "PSNA CET 45th National Junior (U-19) Ch"]
[Site "PSNA College of Engineering &"]
[Date "2015.07.24"]
[Round "3.4"]
[White "Ganesh, R."]
[Black "Sai, Vishwesh.C"]
[Result "1/2-1/2"]
[WhiteElo "2139"]
[BlackElo "2318"]
[PlyCount "41"]
[EventDate "2015.07.23"]
[EventRounds "11"]
[EventCountry "IND"]
[SourceDate "2003.06.08"]

1. d4 Nf6 2. c4 c5 3. d5 b5 4. cxb5 a6 5. bxa6 g6 6. Nc3 Bxa6 7. g3 d6 8. Bg2
Bg7 9. Nf3 O-O 10. O-O Nbd7 11. Rb1 Qa5 12. Bd2 Rfb8 13. Qc2 Bb7 14. Rfd1 Ng4
15. b3 Bxc3 16. Bxc3 Qxa2 17. Rb2 Qa6 18. e4 Ngf6 19. Nd2 Qe2 20. Bf3 Qa6 21.
Bg2 1/2-1/2